000 00625nam a2200193Ii 4500
003 JO-AjNU
008 230605s9999||||xx |||||||||||||| ||und||
040 _aJO-AjNU
_bara
_erda
_cJO-AjNU
041 _aara
050 1 4 _aTL149.S2938 1970
100 3 _aمجموعة من الاساتذة ,
_eauthor
_913624
245 0 0 _aالسيارات -قيادة-صيانه اشارات المرور
264 3 1 _aبيروت: المكتبة الثقافية،1970
300 _a158ص
336 _atext
_btxt
_2rdacontent
337 _aunmediated
_bn
_2rdamedia
338 _avolume
_bnc
_2rdacarrier
650 4 _aالسيارات
_913625
999 _aA3440
_c7008
_d7008